[Event "SC-2017-0-00337"]
[Site "LSS email"]
[Date "2017.12.01"]
[Round "?"]
[White "Bressia, Gustavo"]
[Black "Trott, Liam Roy"]
[Result "0-1"]
[WhiteElo "1756"]
[BlackElo "1600"]
[PlyCount "86"]
[EventDate "2017.10.13"]
[EventType "tourn (corr)"]
[EventRounds "6"]
[EventCountry "GER"]
[SourceTitle "Corr 2022"]
[Source "ChessBase"]
[SourceDate "2021.10.24"]
[SourceVersion "1"]
[SourceVersionDate "2021.10.24"]
[SourceQuality "1"]

1. d4 Nf6 2. Nf3 e6 3. Bf4 c5 4. c3 Nc6 5. e3 Nh5 6. Bg5 Qb6 7. Qb3 f6 8. Bh4 g5 9. Bg3 Nxg3 10. hxg3 d5 11. Nbd2 g4 12. Qxb6 axb6 13. Ng1 h5 14. Bb5 Bd7 15. Ne2 Bd6 16. f3 Ke7 17. Bd3 c4 18. Bc2 b5 19. Kf2 b4 20. Nf4 Bxf4 21. gxf4 gxf3 22. Nxf3 bxc3 23. bxc3 Ra3 24. g4 Rxc3 25. Bg6 Kd6 26. gxh5 Ne7 27. a4 Nxg6 28. hxg6 Rc2+ 29. Kg3 Rg8 30. Rh6 c3 31. a5 Bb5 32. f5 exf5 33. Ne1 Rd2 34. a6 Bxa6 35. Rc1 Bd3 36. Nxd3 Rxd3 37. Kf4 b6 38. Kxf5 Rxe3 39. Kxf6 Rf3+ 40. Kg5 Kc7 41. Kg4 Rd3 42. Kf5 b5 43. Ke5 b4 0-1

[Event "SC-2017-0-00337"]
[Site "LSS email"]
[Date "2017.11.30"]
[Round "?"]
[White "Kapatos, Endre"]
[Black "Bressia, Gustavo"]
[Result "1/2-1/2"]
[WhiteElo "1713"]
[BlackElo "1756"]
[PlyCount "127"]
[EventDate "2017.10.13"]
[EventType "tourn (corr)"]
[EventRounds "6"]
[EventCountry "GER"]
[SourceTitle "Corr 2022"]
[Source "ChessBase"]
[SourceDate "2021.10.24"]
[SourceVersion "1"]
[SourceVersionDate "2021.10.24"]
[SourceQuality "1"]

1. e4 c5 2. Nf3 d6 3. Bb5+ Bd7 4. Bxd7+ Qxd7 5. c4 Nc6 6. d4 cxd4 7. Nxd4 Nf6 8. Nc3 g6 9. 0-0 Bg7 10. Nde2 0-0 11. f3 a6 12. a4 Rfc8 13. b3 Qc7 14. Rb1 e6 15. Bf4 Qb6+ 16. Kh1 Rd8 17. Qd2 d5 18. exd5 exd5 19. cxd5 Ne7 20. d6 Nf5 21. a5 Qxa5 22. Rfd1 Qb4 23. g4 g5 24. Ne4 Qxd2 25. Nxf6+ Bxf6 26. Bxd2 Rxd6 27. gxf5 Rad8 28. Ng3 Rxd2 29. Rxd2 Rxd2 30. Ne4 Rd3 31. Nxf6+ Kg7 32. Ne4 Rxf3 33. Nxg5 Rxf5 34. Ne4 Rd5 35. Rg1+ Kh6 36. Rc1 Rd4 37. Nc5 Rb4 38. Rc3 f5 39. Nd3 Rd4 40. Nc5 Rb4 41. Kg2 a5 42. h3 b5 43. Rd3 a4 44. bxa4 bxa4 45. Ra3 Rc4 46. Nxa4 Rc2+ 47. Kg3 Kg5 48. Rf3 Rc1 49. Nc3 Rg1+ 50. Kf2 Ra1 51. Kg3 Rg1+ 52. Kh2 Ra1 53. Kg2 h6 54. Rg3+ Kh5 55. Rd3 Ra3 56. Kg3 Rb3 57. Kf4 Ra3 58. Kxf5 Ra5+ 59. Kf4 Kh4 60. Ne2 Ra4+ 61. Nd4 h5 62. Ke5 Ra5+ 63. Ke4 Ra4 64. Ke5 1/2-1/2

[Event "SC-2017-0-00337"]
[Site "LSS email"]
[Date "2017.11.24"]
[Round "?"]
[White "Bressia, Gustavo"]
[Black "Martins, Karin"]
[Result "1-0"]
[WhiteElo "1756"]
[BlackElo "1799"]
[PlyCount "65"]
[EventDate "2017.10.13"]
[EventType "tourn (corr)"]
[EventRounds "6"]
[EventCountry "GER"]
[SourceTitle "Corr 2022"]
[Source "ChessBase"]
[SourceDate "2021.10.24"]
[SourceVersion "1"]
[SourceVersionDate "2021.10.24"]
[SourceQuality "1"]

1. d4 Nf6 2. Nf3 d5 3. Bf4 c5 4. c3 Qb6 5. Qb3 Nc6 6. e3 c4 7. Qc2 Bf5 8. Qc1 e6 9. h3 Qd8 10. Be2 Ne4 11. b3 g5 12. Bh2 cxb3 13. axb3 a6 14. Nbd2 h5 15. Nxe4 Bxe4 16. Bg3 Rc8 17. Qb2 Rg8 18. b4 h4 19. Bh2 Na7 20. 0-0 g4 21. hxg4 Rxg4 22. b5 Qb6 23. Nd2 Rxg2+ 24. Kh1 h3 25. Nxe4 dxe4 26. Rg1 Rxf2 27. Raf1 Rxf1 28. Bxf1 axb5 29. c4 Qc6 30. Rg8 f6 31. d5 exd5 32. Bxh3 Rd8 33. Qe2 1-0

[Event "SC-2017-0-00336"]
[Site "LSS email"]
[Date "2017.11.04"]
[Round "?"]
[White "Bressia, Gustavo"]
[Black "Bordenave, Roberto"]
[Result "1/2-1/2"]
[WhiteElo "1756"]
[BlackElo "1886"]
[PlyCount "65"]
[EventDate "2017.09.20"]
[EventType "tourn (corr)"]
[EventRounds "6"]
[EventCountry "GER"]
[SourceTitle "Corr 2022"]
[Source "ChessBase"]
[SourceDate "2021.10.24"]
[SourceVersion "1"]
[SourceVersionDate "2021.10.24"]
[SourceQuality "1"]

1. d4 d5 2. Bf4 Nf6 3. e3 c5 4. c3 Nc6 5. Be2 Qb6 6. Qb3 c4 7. Qc2 Bf5 8. Qc1 e6 9. Nd2 Be7 10. Ngf3 0-0 11. h3 h6 12. b3 Qa5 13. b4 Qd8 14. a4 Bd6 15. Bxd6 Qxd6 16. 0-0 a5 17. b5 Ne7 18. Bd1 Ng6 19. Bc2 Bxc2 20. Qxc2 e5 21. dxe5 Nxe5 22. Nxe5 Qxe5 23. Nf3 Qe4 24. Qb2 Rfd8 25. Rfd1 Qf5 26. Rd4 Ne4 27. Qc2 Rd7 28. Rad1 Rad8 29. Nh4 Qe6 30. Nf3 Nc5 31. Rf4 Re8 32. Rfd4 Red8 33. Rf4 1/2-1/2

[Event "BI-2014-P-0026"]
[Site "LSS email"]
[Date "2014.04.19"]
[Round "?"]
[White "Bressia, Gustavo"]
[Black "Aberg, Lars Erik"]
[Result "0-1"]
[WhiteElo "1699"]
[BlackElo "1991"]
[PlyCount "116"]
[EventDate "2014.04.25"]
[EventType "tourn (corr)"]
[EventRounds "10"]
[EventCountry "GER"]
[SourceTitle "Corr 2015"]
[Source "ChessBase"]
[SourceDate "2015.07.17"]
[SourceVersion "1"]
[SourceVersionDate "2015.07.17"]
[SourceQuality "1"]

1. d4 d5 2. Bf4 Nf6 3. Nf3 c5 4. c3 e6 5. e3 Bd6 6. Bg3 0-0 7. Nbd2 Nc6 8. dxc5 Bxc5 9. Bd3 Re8 10. Qc2 e5 11. e4 d4 12. 0-0 dxc3 13. bxc3 Nh5 14. Bc4 Nxg3 15. hxg3 Qf6 16. Rab1 b6 17. Nb3 Ba3 18. Rfd1 Bg4 19. Nbd2 Bf8 20. Bd5 Rac8 21. Qa4 Rc7 22. Re1 Rd8 23. Re3 Nb8 24. Qb5 Nd7 25. a4 h6 26. c4 a5 27. Qb2 Rdc8 28. Nh2 Be6 29. Nhf3 Bc5 30. Ree1 Bb4 31. Red1 Bg4 32. Rdc1 h5 33. Nh2 Be6 34. Nhf3 Nc5 35. Qc2 Qe7 36. Ra1 Bxd5 37. exd5 e4 38. d6 Qxd6 39. Nxe4 Qg6 40. Nxc5 Qxc2 41. Rxc2 Rxc5 42. Rac1 g6 43. Kf1 Rd8 44. Ke2 Rc7 45. Rb1 f6 46. Rbc1 g5 47. Rb1 Re7+ 48. Kf1 Kf7 49. Rbc1 Rde8 50. Nd2 Ba3 51. Ra1 Re2 52. Rca2 Bb4 53. Nf3 R2e4 54. Kg1 Rxc4 55. Nd2 Rd4 56. Nf3 Rde4 57. Rd1 Re2 58. Rda1 Bc3 0-1

[Event "BI-2014-P-0026"]
[Site "LSS email"]
[Date "2014.04.19"]
[Round "?"]
[White "Bressia, Gustavo"]
[Black "Osipov, Aleksandr"]
[Result "0-1"]
[WhiteElo "1699"]
[BlackElo "1836"]
[PlyCount "88"]
[EventDate "2014.04.25"]
[EventType "tourn (corr)"]
[EventRounds "10"]
[EventCountry "GER"]
[SourceTitle "Corr 2015"]
[Source "ChessBase"]
[SourceDate "2015.07.17"]
[SourceVersion "1"]
[SourceVersionDate "2015.07.17"]
[SourceQuality "1"]

1. d4 Nf6 2. Bf4 d5 3. Nf3 c5 4. e3 Nc6 5. c3 Qb6 6. Qb3 c4 7. Qc2 Bf5 8. Qc1 e6 9. Nbd2 a6 10. h3 Qd8 11. Be2 Bd6 12. Bxd6 Qxd6 13. Bd1 0-0 14. Bc2 b5 15. Bxf5 exf5 16. 0-0 Rab8 17. Qc2 Ne4 18. Nxe4 fxe4 19. Nd2 f5 20. f4 Rfc8 21. a3 a5 22. Kh1 Qd8 23. Kh2 a4 24. Qd1 Ne7 25. Rg1 Rb6 26. g4 fxg4 27. Qxg4 Qf8 28. Rg2 Rg6 29. Qd7 Rd8 30. Qc7 Nf5 31. Rxg6 hxg6 32. Rg1 Nxe3 33. Rxg6 Re8 34. Rg1 Nf5 35. Kh1 Qf7 36. Qxf7+ Kxf7 37. Kh2 Re6 38. Re1 Rg6 39. Rg1 Rxg1 40. Kxg1 Ke6 41. Kf1 Ne3+ 42. Ke2 Ng2 43. f5+ Kxf5 44. Nf1 Nf4+ 0-1

[Event "OP-2014-0-03381"]
[Site "LSS email"]
[Date "2014.04.15"]
[Round "?"]
[White "Bressia, Gustavo"]
[Black "Arango Marin, Sixto Gregorio"]
[Result "1-0"]
[WhiteElo "1703"]
[BlackElo "773"]
[PlyCount "45"]
[EventDate "2014.04.11"]
[EventType "tourn (corr)"]
[EventRounds "4"]
[EventCountry "GER"]
[SourceTitle "Telechess CBM 167"]
[Source "ChessBase"]
[SourceDate "2015.07.13"]
[SourceVersion "1"]
[SourceVersionDate "2015.07.13"]
[SourceQuality "1"]

1. e4 e5 2. Nf3 Nc6 3. d4 exd4 4. Bc4 h6 5. c3 dxc3 6. Qb3 Qe7 7. Nxc3 Na5 8. Qb5 Nxc4 9. Qxc4 c6 10. Bf4 b5 11. Nxb5 cxb5 12. Qd5 Qb4+ 13. Bd2 Qxb2 14. 0-0 Rb8 15. Ne5 Qa3 16. Qxf7+ Kd8 17. Ba5+ Qxa5 18. Nc6+ Kc7 19. Nxa5 Bb4 20. Rfc1+ Kd8 21. Nc6+ dxc6 22. Rd1+ Bd7 23. Qxd7# 1-0

[Event "ZI-2012-0-01349"]
[Site "LSS email"]
[Date "2012.07.20"]
[Round "?"]
[White "Bressia, Gustavo"]
[Black "Korinek, Jaroslav"]
[Result "1/2-1/2"]
[WhiteElo "1695"]
[BlackElo "1787"]
[PlyCount "45"]
[EventDate "2012.07.16"]
[EventType "match (corr)"]
[EventRounds "2"]
[EventCountry "GER"]
[SourceTitle "Telechess CBM 153"]
[Source "ChessBase"]
[SourceDate "2013.03.14"]
[SourceVersion "1"]
[SourceVersionDate "2013.03.14"]
[SourceQuality "1"]

1. d4 Nf6 2. c4 c6 3. Nc3 d5 4. cxd5 cxd5 5. Nf3 Nc6 6. Bf4 g6 7. h3 Bf5 8. e3 Qb6 9. Qb3 Qxb3 10. axb3 a6 11. Ne5 Rc8 12. Nxc6 Rxc6 13. Be5 Bg7 14. b4 0-0 15. b5 axb5 16. Bxb5 Rcc8 17. f3 Rfd8 18. Ra7 Ne8 19. Bxe8 Rxe8 20. Bxg7 Kxg7 21. Kd2 Rc7 22. g4 Be6 23. Nb5 1/2-1/2

[Event "BI-2012-P-00021"]
[Site "LSS email"]
[Date "2012.04.20"]
[Round "?"]
[White "Bakulin, Yury Valentinovich"]
[Black "Bressia, Gustavo"]
[Result "1-0"]
[WhiteElo "2037"]
[BlackElo "1695"]
[PlyCount "49"]
[EventDate "2012.04.22"]
[EventType "tourn (corr)"]
[EventRounds "10"]
[EventCountry "GER"]
[SourceTitle "Telechess CBM 165"]
[Source "ChessBase"]
[SourceDate "2015.03.11"]
[SourceVersion "1"]
[SourceVersionDate "2015.03.11"]
[SourceQuality "1"]

1. e4 d6 2. d4 Nf6 3. Nc3 c6 4. Nf3 g6 5. Be2 Bg7 6. 0-0 0-0 7. h3 Nbd7 8. Be3 b5 9. e5 Ne8 10. a3 Bb7 11. e6 fxe6 12. Ng5 Nc7 13. Bg4 Rf6 14. Nce4 Rf5 15. Ng3 Qf8 16. h4 h6 17. Nh3 c5 18. Bxf5 gxf5 19. c3 Nd5 20. Qe2 Bc6 21. Nf4 Nxf4 22. Bxf4 e5 23. dxe5 Nxe5 24. Bxe5 Bxe5 25. f4 1-0

[Event "BI-2012-P-00021"]
[Site "LSS email"]
[Date "2012.04.20"]
[Round "?"]
[White "Bressia, Gustavo"]
[Black "Launhardt, Wolfgang"]
[Result "1/2-1/2"]
[WhiteElo "1695"]
[BlackElo "2137"]
[PlyCount "60"]
[EventDate "2012.04.22"]
[EventType "tourn (corr)"]
[EventRounds "10"]
[EventCountry "GER"]
[SourceTitle "Telechess CBM 165"]
[Source "ChessBase"]
[SourceDate "2015.03.11"]
[SourceVersion "1"]
[SourceVersionDate "2015.03.11"]
[SourceQuality "1"]

1. e4 c5 2. Nc3 e5 3. Bc4 d6 4. d3 Be6 5. Bxe6 fxe6 6. Be3 Nf6 7. g4 h6 8. h4 Nc6 9. Rh3 h5 10. gxh5 Be7 11. Qd2 Nxh5 12. Nf3 Nd4 13. 0-0-0 Nxf3 14. Rxf3 Bxh4 15. Rh3 g5 16. Rg1 Nf4 17. Bxf4 exf4 18. e5 dxe5 19. Ne4 Kf7 20. Rgh1 g4 21. R3h2 Qe7 22. Qc3 Rh5 23. Rg2 Rg8 24. Kb1 b6 25. Rgh2 g3 26. fxg3 fxg3 27. Rg2 Rf5 28. a3 Ke8 29. Qc4 Rf4 30. Qa4+ Kf8 1/2-1/2

[Event "BI-2012-P-00021"]
[Site "LSS email"]
[Date "2012.04.20"]
[Round "?"]
[White "Bressia, Gustavo"]
[Black "Pons, Francisco"]
[Result "1-0"]
[WhiteElo "1695"]
[BlackElo "1023"]
[PlyCount "33"]
[EventDate "2012.04.22"]
[EventType "tourn (corr)"]
[EventRounds "10"]
[EventCountry "GER"]
[SourceTitle "Corr 2015"]
[Source "ChessBase"]
[SourceDate "2015.07.17"]
[SourceVersion "1"]
[SourceVersionDate "2015.07.17"]
[SourceQuality "1"]

1. e4 c5 2. Nc3 Nc6 3. f4 g6 4. Nf3 Bg7 5. Bb5 e6 6. Bxc6 dxc6 7. d3 Nf6 8. e5 Nd5 9. Ne4 Bf8 10. c4 Nb4 11. Nf6+ Ke7 12. Be3 b6 13. d4 cxd4 14. Bf2 d3 15. Qb3 Nc2+ 16. Kf1 Bg7 17. Bh4 1-0

[Event "RC-2011-0-00094"]
[Site "LSS email"]
[Date "2012.04.11"]
[Round "?"]
[White "Bressia, Gustavo"]
[Black "Laczay, Istvan"]
[Result "1-0"]
[WhiteElo "1662"]
[BlackElo "1555"]
[PlyCount "63"]
[EventDate "2011.12.19"]
[EventType "tourn (corr)"]
[EventRounds "6"]
[EventCountry "GER"]
[SourceTitle "Corr 2015"]
[Source "ChessBase"]
[SourceDate "2015.07.17"]
[SourceVersion "1"]
[SourceVersionDate "2015.07.17"]
[SourceQuality "1"]

1. d4 Nf6 2. Nf3 g6 3. Bf4 Bg7 4. e3 0-0 5. Be2 d6 6. 0-0 c5 7. c3 b6 8. Nbd2 Bb7 9. Qc2 Nh5 10. Bg5 h6 11. Bh4 g5 12. Ne1 Nf4 13. exf4 gxh4 14. Nef3 h3 15. g3 a5 16. Rfe1 a4 17. Bf1 a3 18. Bxh3 Qc7 19. Qb3 Nc6 20. Rac1 Ra7 21. bxa3 Rfa8 22. Qb1 Rxa3 23. Nc4 R3a6 24. Bg4 Nd8 25. Nh4 e6 26. f5 Bd5 27. Ne3 Bxa2 28. Qd3 Ra3 29. d5 c4 30. Qd2 e5 31. f6 Bxf6 32. Nef5 1-0

[Event "RC-2011-0-00094"]
[Site "LSS email"]
[Date "2012.04.11"]
[Round "?"]
[White "Lacunza, Mario"]
[Black "Bressia, Gustavo"]
[Result "1/2-1/2"]
[WhiteElo "1725"]
[BlackElo "1662"]
[PlyCount "84"]
[EventDate "2011.12.19"]
[EventType "tourn (corr)"]
[EventRounds "6"]
[EventCountry "GER"]
[SourceTitle "Corr 2015"]
[Source "ChessBase"]
[SourceDate "2015.07.17"]
[SourceVersion "1"]
[SourceVersionDate "2015.07.17"]
[SourceQuality "1"]

1. d4 Nf6 2. c4 e6 3. Nf3 Bb4+ 4. Bd2 Qe7 5. Nc3 Bxc3 6. Bxc3 Ne4 7. e3 Nxc3 8. bxc3 b6 9. Bd3 Nc6 10. 0-0 0-0 11. Qc2 Kh8 12. Rab1 Ba6 13. Rfd1 Na5 14. Qe2 Rac8 15. Nd2 c5 16. Nb3 Nb7 17. e4 e5 18. Qb2 cxd4 19. cxd4 Bxc4 20. dxe5 d5 21. exd6 Nxd6 22. Qa3 Rfe8 23. f3 f6 24. Rbc1 Bxb3 25. axb3 Rxc1 26. Qxc1 g6 27. Be2 Rd8 28. Qc6 Nf7 29. Rxd8+ Qxd8 30. Qd5 Qxd5 31. exd5 Kg7 32. Kf2 Kf8 33. Ke3 Ke7 34. Kd4 Nd6 35. Bd3 Ne8 36. b4 a5 37. bxa5 bxa5 38. Kc5 a4 39. Bb1 Kd7 40. Bc2 a3 41. Bb1 Kc7 42. g4 Kd7 1/2-1/2

[Event "RC-2011-0-00094"]
[Site "LSS email"]
[Date "2012.04.11"]
[Round "?"]
[White "Pott, Brian"]
[Black "Bressia, Gustavo"]
[Result "1/2-1/2"]
[WhiteElo "1728"]
[BlackElo "1662"]
[PlyCount "65"]
[EventDate "2011.12.19"]
[EventType "tourn (corr)"]
[EventRounds "6"]
[EventCountry "GER"]
[SourceTitle "Corr 2015"]
[Source "ChessBase"]
[SourceDate "2015.07.17"]
[SourceVersion "1"]
[SourceVersionDate "2015.07.17"]
[SourceQuality "1"]

1. e4 c6 2. d4 d5 3. Nc3 dxe4 4. Nxe4 Bf5 5. Ng3 Bg6 6. h4 h6 7. Nf3 Nd7 8. h5 Bh7 9. Bd3 Bxd3 10. Qxd3 Ngf6 11. Bd2 e6 12. 0-0-0 Be7 13. Ne4 Nxe4 14. Qxe4 Nf6 15. Qe2 Qd5 16. c4 Qe4 17. Qxe4 Nxe4 18. Be3 0-0 19. Ne5 Rfd8 20. Kc2 Bf6 21. g4 Rac8 22. b3 b5 23. f4 bxc4 24. bxc4 c5 25. dxc5 Rxd1 26. Rxd1 Nxc5 27. Bd4 Nb7 28. Kd3 Bxe5 29. Bxe5 Nc5+ 30. Ke3 f6 31. Ba1 Kf7 32. Bc3 Rc7 33. Rd8 1/2-1/2

[Event "OP-2012-0-02104"]
[Site "LSS email"]
[Date "2012.03.12"]
[Round "?"]
[White "Ducharme, Steven"]
[Black "Bressia, Gustavo"]
[Result "0-1"]
[WhiteElo "925"]
[BlackElo "1685"]
[PlyCount "30"]
[EventDate "2012.03.09"]
[EventType "tourn (corr)"]
[EventRounds "4"]
[EventCountry "GER"]
[SourceTitle "Corr 2015"]
[Source "ChessBase"]
[SourceDate "2015.07.17"]
[SourceVersion "1"]
[SourceVersionDate "2015.07.17"]
[SourceQuality "1"]

1. e4 d5 2. exd5 Qxd5 3. d4 Nc6 4. c3 e5 5. dxe5 Qxd1+ 6. Kxd1 Nxe5 7. Be2 Bf5 8. Nd2 0-0-0 9. h3 Nf6 10. Ke1 Nd3+ 11. Bxd3 Bxd3 12. Ngf3 Re8+ 13. Kd1 Bc5 14. Nb3 Ne4 15. Nxc5 Nxf2+ 0-1

[Event "OP-2012-0-02084"]
[Site "LSS email"]
[Date "2012.02.27"]
[Round "?"]
[White "Bressia, Gustavo"]
[Black "Zhdanenia, Konstantin A"]
[Result "0-1"]
[WhiteElo "1662"]
[BlackElo "1906"]
[PlyCount "61"]
[EventDate "2012.02.23"]
[EventType "tourn (corr)"]
[EventRounds "4"]
[EventCountry "GER"]
[SourceTitle "Corr 2015"]
[Source "ChessBase"]
[SourceDate "2015.07.17"]
[SourceVersion "1"]
[SourceVersionDate "2015.07.17"]
[SourceQuality "1"]

1. d4 c5 2. Nf3 Nf6 3. Bg5 cxd4 4. Nxd4 Ne4 5. Be3 d5 6. Nd2 e5 7. N4f3 Qc7 8. Nxe4 dxe4 9. Ng1 Be7 10. c3 f5 11. g3 Be6 12. Bg2 Nc6 13. Nh3 h6 14. Qa4 0-0-0 15. Bxa7 g5 16. Be3 f4 17. gxf4 gxf4 18. Nxf4 exf4 19. Qxe4 fxe3 20. Qxe6+ Kb8 21. Qxe3 Ne5 22. 0-0 Rhg8 23. a4 Rg5 24. Kh1 Rdg8 25. Bf3 Nxf3 26. Qxf3 Bd6 27. Rg1 Rf8 28. Qe3 Bc5 29. Qh3 Qc6+ 30. f3 Bxg1 31. Rxg1 0-1

[Event "OP-2012-0-02084"]
[Site "LSS email"]
[Date "2012.02.27"]
[Round "?"]
[White "Rivas Maceda, Juan Jorge"]
[Black "Bressia, Gustavo"]
[Result "1-0"]
[WhiteElo "1947"]
[BlackElo "1662"]
[PlyCount "63"]
[EventDate "2012.02.23"]
[EventType "tourn (corr)"]
[EventRounds "4"]
[EventCountry "GER"]
[SourceTitle "Corr 2015"]
[Source "ChessBase"]
[SourceDate "2015.07.17"]
[SourceVersion "1"]
[SourceVersionDate "2015.07.17"]
[SourceQuality "1"]

1. e4 d5 2. exd5 Qxd5 3. Nc3 Qd6 4. d4 Nf6 5. Bc4 c6 6. Nge2 Bf5 7. Bf4 Qb4 8. Bd3 Bxd3 9. Qxd3 e6 10. 0-0 Nbd7 11. Bc7 g6 12. h3 Bg7 13. a3 Qe7 14. Qg3 Nh5 15. Qh2 Nhf6 16. a4 Nd5 17. Bd6 Qh4 18. Rfe1 N7b6 19. a5 Nc4 20. Bg3 Qg5 21. Nxd5 Qxd5 22. b3 Nd2 23. f3 0-0 24. Bf4 Bxd4+ 25. Nxd4 Qxd4+ 26. Be3 Qc3 27. a6 Nxf3+ 28. gxf3 b6 29. Rad1 Rad8 30. Qf4 Rxd1 31. Rxd1 Qxc2 32. Rd7 1-0

[Event "OP-2011-0-01863"]
[Site "LSS email"]
[Date "2011.11.07"]
[Round "?"]
[White "Bressia, Gustavo"]
[Black "Vontina, Maria"]
[Result "1-0"]
[WhiteElo "1631"]
[BlackElo "781"]
[PlyCount "39"]
[EventDate "2011.11.04"]
[EventType "tourn (corr)"]
[EventRounds "4"]
[EventCountry "GER"]
[SourceTitle "Telechess CBM 157"]
[Source "ChessBase"]
[SourceDate "2013.11.12"]
[SourceVersion "1"]
[SourceVersionDate "2013.11.12"]
[SourceQuality "1"]

1. e4 e6 2. d4 d5 3. Nc3 Bb4 4. e5 c5 5. a3 Bxc3+ 6. bxc3 Nc6 7. Qg4 Nge7 8. Qxg7 Rg8 9. Qxh7 Bd7 10. Nf3 cxd4 11. cxd4 Qa5+ 12. Bd2 Qa4 13. Bd3 Nxd4 14. Ng5 Rf8 15. 0-0 Nxc2 16. Bxc2 Qc6 17. Rfc1 Qa6 18. Qg7 Ba4 19. Nh7 Rg8 20. Nf6+ 1-0

[Event "ZI-2011-0-01105"]
[Site "LSS email"]
[Date "2011.10.07"]
[Round "?"]
[White "Korinek, Jaroslav"]
[Black "Bressia, Gustavo"]
[Result "1-0"]
[WhiteElo "1825"]
[BlackElo "1622"]
[PlyCount "43"]
[EventDate "2011.09.28"]
[EventType "match (corr)"]
[EventRounds "2"]
[EventCountry "GER"]
[SourceTitle "Telechess CBM 157"]
[Source "ChessBase"]
[SourceDate "2013.11.12"]
[SourceVersion "1"]
[SourceVersionDate "2013.11.12"]
[SourceQuality "1"]

1. e4 d5 2. exd5 Qxd5 3. Nc3 Qd6 4. d4 Nf6 5. Nf3 c6 6. Bg5 Bg4 7. Be2 Nbd7 8. Qd2 Bxf3 9. Bxf3 Nb6 10. 0-0 0-0-0 11. Rfd1 Nc4 12. Qe2 Nb6 13. a4 Nbd5 14. Nxd5 Nxd5 15. c4 h6 16. Bd2 Nf6 17. b4 g5 18. d5 Bg7 19. Bc3 cxd5 20. Be5 Qb6 21. a5 Qxb4 22. cxd5 1-0

[Event "OP-2011-0-01698"]
[Site "LSS email"]
[Date "2011.08.02"]
[Round "?"]
[White "Herzog, Klaus"]
[Black "Bressia, Gustavo"]
[Result "1-0"]
[WhiteElo "1789"]
[BlackElo "1615"]
[PlyCount "73"]
[EventDate "2011.07.31"]
[EventType "tourn (corr)"]
[EventRounds "4"]
[EventCountry "GER"]
[SourceTitle "Telechess CBM 157"]
[Source "ChessBase"]
[SourceDate "2013.11.12"]
[SourceVersion "1"]
[SourceVersionDate "2013.11.12"]
[SourceQuality "1"]

1. d4 Nf6 2. c4 e6 3. g3 Bb4+ 4. Bd2 Qe7 5. Bg2 0-0 6. Nf3 Nc6 7. 0-0 Bxd2 8. Qxd2 d6 9. Nc3 e5 10. d5 Nb8 11. e4 a5 12. Ne1 Na6 13. Nd3 Nd7 14. f4 exf4 15. gxf4 Nac5 16. Rae1 Nxd3 17. Qxd3 Nc5 18. Qg3 Bd7 19. e5 Bf5 20. Nb5 Qd7 21. Re3 Rae8 22. Nd4 h6 23. Rfe1 Bh7 24. R1e2 dxe5 25. fxe5 Bf5 26. b3 Kh7 27. Rf2 Bg6 28. Bh3 Qe7 29. Rg2 Qg5 30. Qe1 Qe7 31. Bf5 a4 32. b4 Nd7 33. e6 Nb6 34. Qc3 Kh8 35. Rf3 c5 36. dxc6 Bh5 37. Rxg7 1-0